[Event "IND-ch 54th+"]
[Site "Lucknow"]
[Date "2016.11.21"]
[Round "5"]
[White "Dhulipalla, Bala Chandra Prasad"]
[Black "Praneeth, Surya K"]
[Result "1-0"]
[WhiteElo "2316"]
[BlackElo "2388"]
[PlyCount "75"]
[EventDate "2016.11.17"]
[EventType "tourn"]
[EventRounds "13"]
[EventCountry "IND"]
[EventCategory "9"]
[SourceTitle "CBM 175 Extra"]
[Source "ChessBase"]
[SourceDate "2016.12.12"]
[SourceVersion "1"]
[SourceVersionDate "2016.12.12"]
[SourceQuality "1"]

1. d4 Nf6 2. Nf3 g6 3. Bf4 Bg7 4. e3 d6 5. Be2 0-0 6. 0-0 b6 7. h3 Bb7 8. a4 a5 9. Nbd2 Nfd7 10. Nc4 Qe8 11. Bh2 e5 12. c3 Nc6 13. Na3 Ndb8 14. Bc4 Kh8 15. Bd5 Qe7 16. Qb3 f5 17. dxe5 dxe5 18. Qc4 Rd8 19. Nb5 Rd7 20. e4 Nd8 21. Bxb7 Nxb7 22. exf5 c6 23. Na3 e4 24. Nd4 Nd6 25. Qb3 c5 26. Bxd6 Rxd6 27. Ndb5 Rf6 28. fxg6 Rxg6 29. Qd5 Nc6 30. Rae1 Re8 31. Nc4 Re6 32. Ncd6 Ne5 33. Nxe8 Nf3+ 34. gxf3 Qf7 35. Qxe6 Qxe6 36. Rxe4 Qg6+ 37. Kh2 Bh6 38. Nbd6 1-0

[Event "IND-ch U19 46th"]
[Site "Rajahmundry"]
[Date "2016.10.12"]
[Round "6"]
[White "Praneeth, Surya K"]
[Black "Baivab, Mishra"]
[Result "1/2-1/2"]
[WhiteElo "2413"]
[BlackElo "2059"]
[PlyCount "167"]
[EventDate "2016.10.08"]
[EventType "swiss"]
[EventRounds "11"]
[EventCountry "IND"]
[SourceTitle "CBM 175 Extra"]
[Source "ChessBase"]
[SourceDate "2016.12.12"]
[SourceVersion "1"]
[SourceVersionDate "2016.12.12"]
[SourceQuality "1"]

1. e4 e6 2. d4 d5 3. Nc3 dxe4 4. Nxe4 Bd7 5. Nf3 Bc6 6. Bd3 Nd7 7. 0-0 Ngf6 8. Ng3 Be7 9. c3 0-0 10. Re1 Bxf3 11. Qxf3 c6 12. Bg5 Re8 13. Rad1 Qa5 14. Bxf6 Nxf6 15. Bb1 Bd6 16. Ne4 Nxe4 17. Rxe4 g6 18. Rde1 Qg5 19. g3 Kg7 20. h4 Qf6 21. Qe2 h5 22. Re3 Rad8 23. b4 Bc7 24. Kg2 Qe7 25. a3 a5 26. Ba2 axb4 27. axb4 Qd7 28. Bc4 Ra8 29. Qb2 Kg8 30. R1e2 Bd6 31. Kh2 Qd8 32. Kg2 Re7 33. Qb1 Kg7 34. Bxe6 Bf4 35. Rf3 Bxg3 36. Bxf7 Rxf7 37. Rxf7+ Kxf7 38. fxg3 Qd5+ 39. Kh2 b6 40. Qf1+ Kg7 41. Qg2 Qxg2+ 42. Kxg2 Kf6 43. Kf3 Ra3 44. Re3 Kf5 45. c4 Ra4 46. Rb3 b5 47. c5 Ra1 48. Rd3 Ke6 49. Ke4 Rb1 50. Ra3 Re1+ 51. Kf4 Kd5 52. Kg5 Re6 53. Rf3 Kc4 54. Rf4 Re3 55. d5+ Kxd5 56. Kxg6 Rxg3+ 57. Kxh5 Rg8 58. Rg4 Rh8+ 59. Kg5 Rg8+ 60. Kf4 Rh8 61. Kg3 Rh7 62. Rg5+ Kc4 63. Rg4+ Kd5 64. Kf4 Rh8 65. Ke3 Ke5 66. Re4+ Kd5 67. Kf3 Rf8+ 68. Rf4 Rh8 69. Kg3 Ke5 70. Rg4 Kd5 71. Kh3 Rh7 72. Rg6 Kc4 73. Rxc6 Kxb4 74. Kg4 Kc4 75. h5 b4 76. Kg5 b3 77. Rb6 Rc7 78. c6 Kc3 79. h6 b2 80. Kg6 Kc2 81. h7 Rc8 82. c7 b1Q 83. Rxb1 Kxb1 84. Kf6 1/2-1/2

[Event "IND-ch U19 46th"]
[Site "Rajahmundry"]
[Date "2016.10.10"]
[Round "4"]
[White "Praneeth, Surya K"]
[Black "Anustoop, Biswas"]
[Result "1-0"]
[WhiteElo "2413"]
[BlackElo "2032"]
[PlyCount "59"]
[EventDate "2016.10.08"]
[EventType "swiss"]
[EventRounds "11"]
[EventCountry "IND"]
[SourceTitle "CBM 175 Extra"]
[Source "ChessBase"]
[SourceDate "2016.12.12"]
[SourceVersion "1"]
[SourceVersionDate "2016.12.12"]
[SourceQuality "1"]

1. e4 e6 2. d4 d5 3. Nc3 Bb4 4. e5 Ne7 5. a3 Bxc3+ 6. bxc3 c5 7. Qg4 Qc7 8. Bd3 cxd4 9. Ne2 dxc3 10. Qxg7 Rg8 11. Qxh7 Nbc6 12. Bf4 Bd7 13. Bg3 d4 14. 0-0 Rf8 15. Qh4 0-0-0 16. Nxd4 Nxd4 17. Qxe7 Ba4 18. Qxc7+ Kxc7 19. Bh4 Rd5 20. f3 Nxc2 21. Bxc2 Bxc2 22. Rac1 Ba4 23. Rxc3+ Bc6 24. Bf6 Rg8 25. h4 Rg6 26. g4 Kd7 27. Kf2 Rh6 28. Kg3 Ke8 29. h5 Kf8 30. Rfc1 1-0

[Event "IND-ch Challengers 54th"]
[Site "Noida"]
[Date "2016.07.18"]
[Round "12"]
[White "Akash, G."]
[Black "Praneeth, Surya K"]
[Result "0-1"]
[WhiteElo "2400"]
[BlackElo "2413"]
[PlyCount "156"]
[EventDate "2016.07.09"]
[EventType "swiss"]
[EventRounds "13"]
[EventCountry "IND"]
[SourceTitle "CBM 173 Extra"]
[Source "ChessBase"]
[SourceDate "2016.08.29"]
[SourceVersion "1"]
[SourceVersionDate "2016.08.29"]
[SourceQuality "1"]

1. e4 c5 2. Nf3 d6 3. Bb5+ Nd7 4. d4 cxd4 5. Qxd4 a6 6. Bxd7+ Bxd7 7. c4 Nf6 8. Bg5 e6 9. Nc3 h6 10. Bh4 Be7 11. Rd1 Bc6 12. 0-0 0-0 13. Rfe1 Qa5 14. Qd3 Rac8 15. Nd5 exd5 16. exd5 Ba4 17. b3 Bd8 18. bxa4 Qxa4 19. Qb3 Qxc4 20. Qxb7 Ba5 21. Rd4 Qb5 22. Qxb5 axb5 23. Rb1 g5 24. Bg3 Rfd8 25. h4 g4 26. Rf4 Bc3 27. Nd4 Bxd4 28. Rxd4 Rc4 29. Rd3 b4 30. f3 gxf3 31. gxf3 Nh5 32. Be1 Nf4 33. Rd2 Ra8 34. Rdb2 Nxd5 35. Rd1 Ra5 36. a3 Nc3 37. axb4 Nxd1 38. Rg2+ Rg5 39. hxg5 Ne3 40. Re2 Nc2 41. Bd2 hxg5 42. Bxg5 Nxb4 43. Kf2 d5 44. Bf6 Kh7 45. Ke3 Kg6 46. Bb2 Nc6 47. Rd2 Rc5 48. Kf4 f6 49. Rg2+ Kf7 50. Rh2 Rc4+ 51. Ke3 Ke6 52. Rh6 d4+ 53. Ke4 Rb4 54. Ba1 Ne7 55. Rh1 Nf5 56. Rd1 Nd6+ 57. Kf4 Kd5 58. Rh1 Ra4 59. Rd1 Kc5 60. Rc1+ Rc4 61. Rd1 Kd5 62. Bb2 Nb5 63. Kf5 Rc6 64. f4 Kc4 65. Kg6 Nc3 66. Rd2 d3 67. Bc1 Ne2 68. Rd1 Nxc1 69. Rxc1+ Kd5 70. Ra1 Ke4 71. Ra8 d2 72. Rd8 Ke3 73. f5 Ke2 74. Re8+ Kd3 75. Re6 Rxe6 76. fxe6 d1Q 77. e7 Qg4+ 78. Kf7 f5 0-1

[Event "IND-ch Challengers 54th"]
[Site "Noida"]
[Date "2016.07.17"]
[Round "11"]
[White "Praneeth, Surya K"]
[Black "Harsha, Bharathakoti"]
[Result "1-0"]
[WhiteElo "2413"]
[BlackElo "2344"]
[PlyCount "85"]
[EventDate "2016.07.09"]
[EventType "swiss"]
[EventRounds "13"]
[EventCountry "IND"]
[SourceTitle "CBM 173 Extra"]
[Source "ChessBase"]
[SourceDate "2016.08.29"]
[SourceVersion "1"]
[SourceVersionDate "2016.08.29"]
[SourceQuality "1"]

1. e4 c5 2. Nf3 d6 3. Bb5+ Nd7 4. d4 cxd4 5. Qxd4 a6 6. Bxd7+ Bxd7 7. c4 e5 8. Qd3 Rc8 9. Nc3 h6 10. 0-0 Nf6 11. a4 Be6 12. b3 Nd7 13. Ba3 Be7 14. Rfd1 Nc5 15. Bxc5 Rxc5 16. Nd2 0-0 17. Nf1 f5 18. Ne3 fxe4 19. Nxe4 Rc6 20. Nd5 Bxd5 21. Qxd5+ Kh8 22. Qd3 Qc8 23. Ra2 Qe6 24. Rad2 Rf4 25. f3 Bd8 26. Qd5 Bb6+ 27. Kh1 Qe7 28. Nxd6 Bd4 29. Ne4 Rg6 30. c5 Qh4 31. Rxd4 exd4 32. Qxb7 Rf8 33. Qd5 Rb8 34. h3 Rd8 35. Nd6 Qg3 36. f4 Rf8 37. f5 Rg5 38. b4 Kh7 39. Qf3 Qe5 40. Qd3 Qd5 41. Qf3 Qe5 42. g4 a5 43. h4 1-0

[Event "IND-ch Challengers 54th"]
[Site "Noida"]
[Date "2016.07.15"]
[Round "9"]
[White "Praneeth, Surya K"]
[Black "Tarini, Goyal"]
[Result "1-0"]
[WhiteElo "2413"]
[BlackElo "2142"]
[PlyCount "59"]
[EventDate "2016.07.09"]
[EventType "swiss"]
[EventRounds "13"]
[EventCountry "IND"]
[SourceTitle "CBM 173 Extra"]
[Source "ChessBase"]
[SourceDate "2016.08.29"]
[SourceVersion "1"]
[SourceVersionDate "2016.08.29"]
[SourceQuality "1"]

1. e4 c5 2. Nf3 e6 3. d4 cxd4 4. Nxd4 Nc6 5. Nc3 Qc7 6. Be3 a6 7. Qf3 Nf6 8. 0-0-0 Be7 9. Kb1 0-0 10. g4 b5 11. g5 Ne8 12. Nxc6 Qxc6 13. Bd3 f5 14. Qh3 g6 15. exf5 exf5 16. Be2 Bb7 17. Nd5 Bd8 18. Bf3 Qc8 19. Bd4 Ng7 20. Bxg7 Kxg7 21. Qh6+ Kg8 22. Rhe1 Bc6 23. Ne7+ Bxe7 24. Rxe7 Rf7 25. Rxf7 Kxf7 26. Qxh7+ Kf8 27. Qh8+ Kf7 28. Qf6+ Kg8 29. Qxg6+ Kh8 30. Qh6+ 1-0

[Event "IND-ch Challengers 54th"]
[Site "Noida"]
[Date "2016.07.13"]
[Round "7"]
[White "Praneeth, Surya K"]
[Black "Sahoo, Utkal Ranjan"]
[Result "1/2-1/2"]
[WhiteElo "2413"]
[BlackElo "2265"]
[PlyCount "147"]
[EventDate "2016.07.09"]
[EventType "swiss"]
[EventRounds "13"]
[EventCountry "IND"]
[SourceTitle "CBM 173 Extra"]
[Source "ChessBase"]
[SourceDate "2016.08.29"]
[SourceVersion "1"]
[SourceVersionDate "2016.08.29"]
[SourceQuality "1"]

1. d4 d5 2. Bf4 Bg4 3. f3 Bh5 4. e3 e6 5. c4 c6 6. Nc3 dxc4 7. Bxc4 Nd7 8. Nge2 Ngf6 9. e4 Be7 10. 0-0 0-0 11. a4 Re8 12. Kh1 a5 13. Ba2 Bg6 14. Bg3 Bb4 15. Nf4 Nb6 16. Bf2 Rc8 17. Nd3 Bf8 18. Qb3 Nfd7 19. Rad1 Qc7 20. Rc1 Qb8 21. Rfd1 h6 22. d5 c5 23. dxe6 fxe6 24. Qb5 Bf7 25. Qxa5 Bd6 26. h3 Bg3 27. Bxg3 Qxg3 28. Ne2 Qg5 29. Qb5 c4 30. Qxg5 hxg5 31. Nf2 Ne5 32. b3 Ra8 33. Nc3 Rec8 34. Nb5 cxb3 35. Rxc8+ Rxc8 36. Bxb3 Ng6 37. a5 Rc5 38. Nd4 Rxa5 39. Nxe6 Ra8 40. Rb1 Ra3 41. Bd5 Nxd5 42. exd5 Ra6 43. Rxb7 Bxe6 44. dxe6 Rxe6 45. Ne4 Re5 46. Kh2 Nh4 47. Kg3 Ra5 48. Rb2 Nf5+ 49. Kg4 Nh6+ 50. Kh5 Nf7 51. Rb8+ Kh7 52. Rf8 g6+ 53. Kg4 Kg7 54. Rc8 Nh6+ 55. Kg3 Nf5+ 56. Kh2 Nh4 57. Rc7+ Kf8 58. Rc2 Kg7 59. Rd2 Rb5 60. Kg3 Nf5+ 61. Kf2 Kh6 62. Rd7 Rb2+ 63. Kg1 Rb6 64. Nf2 Rb1+ 65. Kh2 Ne3 66. Ne4 Rb6 67. Nd6 Rb2 68. Nf7+ Kh5 69. Ne5 Rxg2+ 70. Kh1 Kh4 71. Ng4 Re2 72. Nxe3 Rxe3 73. Kg2 Re2+ 74. Kf1 1/2-1/2

[Event "IND-ch Challengers 54th"]
[Site "Noida"]
[Date "2016.07.12"]
[Round "6"]
[White "Gomes, Mary Ann"]
[Black "Praneeth, Surya K"]
[Result "1/2-1/2"]
[WhiteElo "2301"]
[BlackElo "2413"]
[PlyCount "112"]
[EventDate "2016.07.09"]
[EventType "swiss"]
[EventRounds "13"]
[EventCountry "IND"]
[SourceTitle "CBM 173 Extra"]
[Source "ChessBase"]
[SourceDate "2016.08.29"]
[SourceVersion "1"]
[SourceVersionDate "2016.08.29"]
[SourceQuality "1"]

1. e4 c5 2. Nf3 d6 3. Bb5+ Nd7 4. 0-0 a6 5. Bd3 Ngf6 6. a4 b6 7. c3 Bb7 8. Qe2 e5 9. Bc2 Be7 10. d4 cxd4 11. cxd4 exd4 12. Nxd4 0-0 13. Nc3 Re8 14. Nf5 Bf8 15. Qf3 Ne5 16. Qg3 Ng6 17. Bg5 h6 18. Bxf6 Qxf6 19. Rad1 Rad8 20. f4 b5 21. Ne3 b4 22. Ng4 Qh4 23. Qxh4 Nxh4 24. Nd5 Rc8 25. Bd3 Bxd5 26. exd5 a5 27. f5 h5 28. Nf2 Re5 29. Nh3 g6 30. fxg6 Nxg6 31. Bf5 Rc5 32. Bxg6 fxg6 33. Nf4 Rc2 34. Nxg6 Ree2 35. Nf4 Red2 36. Rxd2 Rxd2 37. b3 Rb2 38. Ng6 Bg7 39. Ne7+ Kh7 40. Nc6 Rxb3 41. Nxa5 Bd4+ 42. Kh1 Ra3 43. Rb1 Rxa4 44. Nc6 b3 45. Nxd4 Rxd4 46. Kg1 Rb4 47. Kf2 Kg6 48. Ke3 Kf5 49. Kd3 Ke5 50. Kc3 Rg4 51. g3 Kxd5 52. Rxb3 Ke4 53. Rb4+ Ke5 54. Rb5+ d5 55. Rb8 Rg5 56. Re8+ Kf5 1/2-1/2

[Event "IND-ch 53rd"]
[Site "Thiruvarur"]
[Date "2015.11.28"]
[Round "13"]
[White "Shyam, Nikil P"]
[Black "Praneeth, Surya K"]
[Result "1-0"]
[WhiteElo "2436"]
[BlackElo "2413"]
[PlyCount "91"]
[EventDate "2015.11.15"]
[EventType "tourn"]
[EventRounds "11"]
[EventCountry "IND"]
[EventCategory "13"]
[SourceTitle "CBM 169 Extra"]
[Source "ChessBase"]
[SourceDate "2015.12.18"]
[SourceVersion "1"]
[SourceVersionDate "2015.12.18"]
[SourceQuality "1"]

1. e4 c5 2. Nf3 d6 3. Bb5+ Nd7 4. 0-0 a6 5. Bd3 Ngf6 6. c3 b5 7. Bc2 Bb7 8. Re1 c4 9. b3 e6 10. Qe2 Qc7 11. bxc4 bxc4 12. Na3 Rc8 13. Rb1 Ba8 14. d3 cxd3 15. Bxd3 Nc5 16. Bxa6 Nxa6 17. Qxa6 Bxe4 18. Nb5 Qc6 19. Qxc6+ Rxc6 20. Nfd4 Rc8 21. Rb3 Kd7 22. Bg5 Bd5 23. c4 Bxc4 24. Ra3 Bxb5 25. Nxb5 Rc5 26. Ra7+ Kc6 27. Nd4+ Kb6 28. Rxf7 Rxg5 29. Rb1+ Ka6 30. Nxe6 Re5 31. Nc7+ Ka5 32. Nd5 Be7 33. Nxe7 Rc5 34. Nc8 Rc6 35. Ra7+ Ra6 36. Rxa6+ Kxa6 37. Nxd6 Rd8 38. Nf5 g6 39. Ne3 Ne4 40. Rd1 Rb8 41. f3 Nc3 42. Rd2 Rb1+ 43. Kf2 Ra1 44. Nd5 Nxd5 45. Rxd5 Rxa2+ 46. Kg3 1-0

[Event "IND-ch Challengers 53rd"]
[Site "Nagpur"]
[Date "2015.08.24"]
[Round "10"]
[White "Sengupta, Deep"]
[Black "Praneeth, Surya K"]
[Result "1/2-1/2"]
[WhiteElo "2594"]
[BlackElo "2347"]
[PlyCount "180"]
[EventDate "2015.08.17"]
[EventType "swiss"]
[EventRounds "13"]
[EventCountry "IND"]
[SourceTitle "EXT 2016"]
[Source "ChessBase"]
[SourceDate "2015.10.08"]
[SourceVersion "1"]
[SourceVersionDate "2015.10.08"]
[SourceQuality "1"]

1. e4 c5 2. Nf3 d6 3. c3 Nf6 4. h3 Bd7 5. Bd3 g6 6. Bc2 Bg7 7. 0-0 0-0 8. Re1 Nc6 9. d4 cxd4 10. cxd4 e5 11. d5 Nb4 12. Bb3 a5 13. Nc3 Nh5 14. a3 Na6 15. Bc2 Re8 16. Rb1 Nf4 17. Be3 b5 18. Ne2 Nxe2+ 19. Qxe2 Qb8 20. b4 axb4 21. axb4 Qb7 22. Nh2 f5 23. Nf3 fxe4 24. Ng5 Bf6 25. Nxe4 Be7 26. f4 exf4 27. Bxf4 Bf5 28. Qf2 Bxe4 29. Bxe4 Bf8 30. h4 Qd7 31. Qg3 Kh8 32. Kh1 Rac8 33. Bf3 Rxe1+ 34. Rxe1 Re8 35. Bd2 Rxe1+ 36. Qxe1 Qe7 37. Qf2 Bg7 38. g3 Be5 39. Kg2 Qc7 40. Be2 Kg7 41. Bxb5 Nxb4 42. Bxb4 Qb7 43. Qe2 Qxd5+ 44. Kh2 Bxg3+ 45. Kxg3 Qb3+ 46. Bd3 Qxb4 47. Qe7+ Kg8 48. Qd8+ Kg7 49. Qd7+ Kg8 50. Qc8+ Kg7 51. Qc7+ Kf6 52. Kf3 Qc5 53. Qd8+ Kg7 54. Qe7+ Kg8 55. Qe6+ Kg7 56. Qd7+ Kg8 57. Qa4 Kg7 58. Ke2 Qe5+ 59. Kd2 Qh2+ 60. Kc1 Qg1+ 61. Kb2 Qf2+ 62. Bc2 Qf6+ 63. Kb1 Qf1+ 64. Ka2 Qf7+ 65. Ka3 Qf6 66. Qa7+ Kh6 67. Qe3+ Kg7 68. Qh3 Qa1+ 69. Kb3 Qf6 70. Bd3 Qe7 71. Qg4 Qb7+ 72. Kc2 Qc7+ 73. Kd1 Qe7 74. Kd2 Qf6 75. Kc2 Qf2+ 76. Kd1 Qf6 77. Qe4 Qa1+ 78. Bb1 Qf6 79. Bc2 Qa1+ 80. Kd2 Qa5+ 81. Kc1 Qa1+ 82. Bb1 Qc3+ 83. Kd1 Qf6 84. Qb4 Qf1+ 85. Kc2 Qf2+ 86. Kb3 Qe3+ 87. Ka2 Qf2+ 88. Kb3 Qe3+ 89. Kb2 Qe5+ 90. Ka2 Qd5+ 1/2-1/2

[Event "Commonwealth-ch"]
[Site "New Delhi"]
[Date "2015.06.24"]
[Round "3"]
[White "Gupta, Abhijeet"]
[Black "Praneeth, Surya K"]
[Result "1-0"]
[WhiteElo "2605"]
[BlackElo "2305"]
[PlyCount "41"]
[EventDate "2015.06.23"]
[EventType "swiss"]
[EventRounds "9"]
[EventCountry "IND"]
[SourceTitle "EXT 2016"]
[Source "ChessBase"]
[SourceDate "2015.10.08"]
[SourceVersion "1"]
[SourceVersionDate "2015.10.08"]
[SourceQuality "1"]

1. d4 Nf6 2. c4 g6 3. Nc3 Bg7 4. e4 d6 5. f3 0-0 6. Nge2 Nc6 7. Be3 a6 8. Qd2 Na5 9. Nf4 b5 10. h4 Nxc4 11. Bxc4 bxc4 12. 0-0-0 c6 13. h5 Qa5 14. g4 e5 15. Nfe2 Be6 16. Bh6 Ra7 17. Bxg7 Kxg7 18. dxe5 dxe5 19. Qg5 Ne8 20. Nf4 Bc8 21. hxg6 1-0

[Event "Mumbai Mayors Cup 8th"]
[Site "Mumbai"]
[Date "2015.06.06"]
[Round "7"]
[White "Praneeth, Surya K"]
[Black "Gagunashvili, Merab"]
[Result "1/2-1/2"]
[WhiteElo "2305"]
[BlackElo "2600"]
[PlyCount "121"]
[EventDate "2015.06.02"]
[EventType "swiss"]
[EventRounds "10"]
[EventCountry "IND"]
[SourceTitle "CBM 166 Extra"]
[Source "ChessBase"]
[SourceDate "2015.06.18"]
[SourceVersion "1"]
[SourceVersionDate "2015.06.18"]
[SourceQuality "1"]

1. e4 c5 2. Nf3 e6 3. d4 cxd4 4. Nxd4 Nc6 5. Nc3 Qc7 6. Be3 Nf6 7. f4 Bb4 8. Ndb5 Qa5 9. e5 Nd5 10. Bd2 Nxc3 11. Bxc3 0-0 12. Qd2 Bxc3 13. Qxc3 Qxc3+ 14. Nxc3 f6 15. exf6 Rxf6 16. g3 d5 17. 0-0-0 Bd7 18. h4 Be8 19. h5 Ne7 20. Bd3 Rc8 21. Rh2 a6 22. Re1 Nc6 23. Be2 Bf7 24. Bg4 Rc7 25. Rd2 Kf8 26. Nd1 Rh6 27. Nf2 Re7 28. Rh1 e5 29. fxe5 Nxe5 30. Bd1 Rf6 31. Nh3 Nc4 32. Rd3 Re3 33. Nf4 Rxd3 34. cxd3 Ne3 35. Kd2 Nf5 36. Ne2 d4 37. g4 Ne3 38. Nxd4 Nxd1 39. Kxd1 Rf4 40. Nf5 Bxa2 41. Ne3 Be6 42. g5 Rf2 43. b4 Rf4 44. h6 Rxb4 45. Kd2 g6 46. Rc1 Rb2+ 47. Kc3 Rb5 48. Kd4 Ke7 49. Rc7+ Bd7 50. Rc5 Rb4+ 51. Rc4 Rxc4+ 52. dxc4 Be6 53. c5 a5 54. Ke5 a4 55. Nc2 Bc4 56. Na3 Bd3 57. Kd4 Bf5 58. Ke5 Be6 59. Nc2 Bc8 60. Na3 Bf5 61. Nc4 1/2-1/2

[Event "Mumbai Mayors Cup 8th"]
[Site "Mumbai"]
[Date "2015.06.05"]
[Round "5"]
[White "Praneeth, Surya K"]
[Black "Laxman, Rajaram"]
[Result "0-1"]
[WhiteElo "2305"]
[BlackElo "2417"]
[PlyCount "90"]
[EventDate "2015.06.02"]
[EventType "swiss"]
[EventRounds "10"]
[EventCountry "IND"]
[SourceTitle "CBM 166 Extra"]
[Source "ChessBase"]
[SourceDate "2015.06.18"]
[SourceVersion "1"]
[SourceVersionDate "2015.06.18"]
[SourceQuality "1"]

1. e4 e5 2. Nf3 Nc6 3. Bb5 a6 4. Ba4 Nf6 5. 0-0 b5 6. Bb3 Bc5 7. a4 Rb8 8. c3 d6 9. d4 Bb6 10. axb5 axb5 11. Na3 0-0 12. Nxb5 Bg4 13. Bc2 Bxf3 14. gxf3 Nh5 15. f4 Nxf4 16. Bxf4 exf4 17. Qg4 Qf6 18. Ra6 Ne7 19. Na3 g6 20. Rd1 h5 21. Qf3 Kg7 22. Kh1 g5 23. Nc4 Qh6 24. e5 d5 25. Nxb6 Rxb6 26. Rxb6 cxb6 27. Ra1 g4 28. Qd3 f3 29. Qe3 Qxe3 30. fxe3 f6 31. Ra7 Kf7 32. Bb3 fxe5 33. Bxd5+ Kf6 34. dxe5+ Kxe5 35. Rxe7+ Kxd5 36. Kg1 Ra8 37. e4+ Kc4 38. Rh7 Kd3 39. Kf2 Ra2 40. Rd7+ Kxe4 41. Rd4+ Kf5 42. Rb4 Ra1 43. h4 Rh1 44. Rb5+ Ke4 45. Rxh5 Kf4 0-1

[Event "Chennai op 7th"]
[Site "Chennai"]
[Date "2015.01.06"]
[Round "10"]
[White "Praneeth, Surya K"]
[Black "Narayanan, Sunilduth Lyna"]
[Result "1/2-1/2"]
[WhiteElo "2212"]
[BlackElo "2437"]
[PlyCount "50"]
[EventDate "2014.12.30"]
[EventType "swiss"]
[EventRounds "10"]
[EventCountry "IND"]
[SourceTitle "CBM 164 Extra"]
[Source "ChessBase"]
[SourceDate "2015.03.02"]
[SourceVersion "1"]
[SourceVersionDate "2015.03.02"]
[SourceQuality "1"]

1. e4 d5 2. exd5 Qxd5 3. Nc3 Qd6 4. d4 c6 5. Nf3 Bg4 6. Be3 Nf6 7. h3 Bh5 8. Be2 Nbd7 9. 0-0 e6 10. Nd2 Bxe2 11. Qxe2 Qc7 12. Nc4 Bd6 13. Nxd6+ Qxd6 14. Qd3 0-0 15. Ne2 Rfe8 16. c4 Rac8 17. Rad1 b5 18. b3 bxc4 19. Qxc4 Nd5 20. Bc1 N7b6 21. Qa6 Qb8 22. Qd3 Qd6 23. Qa6 Qb8 24. Qd3 Qd6 25. Qa6 Qb8 1/2-1/2

[Event "Chennai op 7th"]
[Site "Chennai"]
[Date "2015.01.05"]
[Round "9"]
[White "Rajesh, VAV"]
[Black "Praneeth, Surya K"]
[Result "1/2-1/2"]
[WhiteElo "2408"]
[BlackElo "2212"]
[PlyCount "83"]
[EventDate "2014.12.30"]
[EventType "swiss"]
[EventRounds "10"]
[EventCountry "IND"]
[SourceTitle "CBM 164 Extra"]
[Source "ChessBase"]
[SourceDate "2015.03.02"]
[SourceVersion "1"]
[SourceVersionDate "2015.03.02"]
[SourceQuality "1"]

1. d4 Nf6 2. c4 g6 3. Nc3 Bg7 4. e4 d6 5. Be2 0-0 6. Bg5 c5 7. d5 h6 8. Be3 e6 9. dxe6 Bxe6 10. Qd2 Kh7 11. h3 Nc6 12. Rd1 Qb6 13. Nf3 Rad8 14. 0-0 Rfe8 15. Rfe1 Nd7 16. Na4 Qa5 17. Qxa5 Nxa5 18. b3 Ne5 19. Rd2 Nxf3+ 20. Bxf3 Nc6 21. Red1 Nd4 22. Bxd4 Bxd4 23. e5 b6 24. exd6 Rxd6 25. Nc3 Red8 26. Kf1 R6d7 27. Nb5 Be5 28. Rxd7 Rxd7 29. Rxd7 Bxd7 30. Nxa7 Bb8 31. Nb5 Bxb5 32. cxb5 Kg7 33. Ke2 Kf6 34. Bd5 Ke7 35. Kd3 f5 36. a4 Bc7 37. Bg8 Kf8 38. Bd5 Ke7 39. Bc6 Bd8 40. Bb7 Kd6 41. Bc6 Ke7 42. Bd5 1/2-1/2

[Event "Chennai op 7th"]
[Site "Chennai"]
[Date "2014.12.31"]
[Round "2"]
[White "Ramnath, Bhuvanesh R"]
[Black "Praneeth, Surya K"]
[Result "1-0"]
[WhiteElo "2405"]
[BlackElo "2212"]
[PlyCount "87"]
[EventDate "2014.12.30"]
[EventType "swiss"]
[EventRounds "10"]
[EventCountry "IND"]
[SourceTitle "CBM 164 Extra"]
[Source "ChessBase"]
[SourceDate "2015.03.02"]
[SourceVersion "1"]
[SourceVersionDate "2015.03.02"]
[SourceQuality "1"]

1. e4 c5 2. b3 d6 3. Bb2 Nf6 4. Bb5+ Bd7 5. Bxd7+ Nbxd7 6. d3 g6 7. f4 Bg7 8. Nf3 0-0 9. a4 e5 10. fxe5 Ng4 11. Nc3 Qa5 12. Qd2 Bh6 13. Qe2 Ne3 14. h4 d5 15. exd5 Rae8 16. Kf2 Ng4+ 17. Kg1 Be3+ 18. Kf1 h5 19. Ne4 Bd4 20. b4 Qd8 21. Nxd4 cxd4 22. Bxd4 Ndxe5 23. Bc5 f5 24. Ng5 Nf7 25. Qf3 Nxg5 26. hxg5 Rf7 27. Re1 Rxe1+ 28. Kxe1 Ne5 29. Qe3 Qxd5 30. Rh4 Nc6 31. b5 f4 32. Rxf4 Rxf4 33. Qxf4 Qxc5 34. bxc6 Qxc6 35. Qe4 Qxc2 36. Qxg6+ Kf8 37. Qf6+ Kg8 38. g6 Qb3 39. d4 b6 40. Kf2 a6 41. Kg1 b5 42. axb5 axb5 43. Kh2 Qd5 44. Qe7 1-0

[Event "Wch U20 53rd"]
[Site "Pune"]
[Date "2014.10.18"]
[Round "12"]
[White "Praneeth, Surya K"]
[Black "Gandhi, Anish"]
[Result "1-0"]
[WhiteElo "2251"]
[BlackElo "2068"]
[PlyCount "69"]
[EventDate "2014.10.06"]
[EventType "swiss"]
[EventRounds "13"]
[EventCountry "IND"]
[SourceTitle "EXT 2015"]
[Source "ChessBase"]
[SourceDate "2014.11.20"]
[SourceVersion "1"]
[SourceVersionDate "2014.11.20"]
[SourceQuality "1"]

1. e4 c6 2. d4 d5 3. e5 c5 4. Nf3 Nc6 5. dxc5 Bg4 6. Bb5 e6 7. b4 a5 8. c3 Qc7 9. Nbd2 b6 10. cxb6 Qxb6 11. Qa4 Nge7 12. bxa5 Rxa5 13. Bxc6+ Nxc6 14. Qxg4 h5 15. Qf4 Qa6 16. a4 d4 17. c4 g5 18. Qxg5 Be7 19. Qg7 Rf8 20. 0-0 Qa8 21. Nb3 Kd7 22. Nxa5 Rg8 23. Qxg8 Qxg8 24. Nxc6 Kxc6 25. Nxd4+ Kc7 26. Ba3 Bxa3 27. Rxa3 Qg4 28. Nb5+ Kb8 29. Nd6 Kc7 30. a5 Qg8 31. a6 h4 32. h3 f6 33. a7 Qa8 34. Nb5+ Kb6 35. exf6 1-0

[Event "Wch U20 53rd"]
[Site "Pune"]
[Date "2014.10.11"]
[Round "6"]
[White "Praneeth, Surya K"]
[Black "Deac, Bogdan Daniel"]
[Result "1-0"]
[WhiteElo "2251"]
[BlackElo "2402"]
[PlyCount "123"]
[EventDate "2014.10.06"]
[EventType "swiss"]
[EventRounds "13"]
[EventCountry "IND"]
[SourceTitle "EXT 2015"]
[Source "ChessBase"]
[SourceDate "2014.11.20"]
[SourceVersion "1"]
[SourceVersionDate "2014.11.20"]
[SourceQuality "1"]

1. e4 c6 2. d4 d5 3. e5 Bf5 4. Nf3 e6 5. Be2 Ne7 6. 0-0 Nd7 7. Nbd2 Nc8 8. Nb3 a6 9. Bd2 Be7 10. a4 0-0 11. a5 c5 12. c4 Be4 13. Be3 cxd4 14. Bxd4 dxc4 15. Nbd2 Bd5 16. Bxc4 Bc6 17. Qe2 Bb4 18. Nb3 Ne7 19. Rfd1 Nd5 20. Be3 Nxe3 21. Qxe3 Bxf3 22. Qxf3 Qc7 23. Bd3 g6 24. Qe4 Be7 25. f4 Rad8 26. Qc4 Nc5 27. Rac1 Rc8 28. Be2 Qb8 29. Nd4 b5 30. axb6 Qxb6 31. Rc2 Rcd8 32. Kf1 Rd7 33. b4 Ne4 34. Qc6 Qa7 35. Qxe4 Rfd8 36. Rcd2 Qb6 37. Nf3 Rxd2 38. Rxd2 Rxd2 39. Nxd2 Bxb4 40. Nc4 Qa7 41. Nd6 Qc5 42. Qa8+ Kg7 43. Ne8+ Kh6 44. Qf3 Qc1+ 45. Bd1 Qc4+ 46. Kg1 Qd4+ 47. Kh1 Qc3 48. Qxc3 Bxc3 49. h4 Be1 50. g4 Bxh4 51. g5+ Bxg5 52. fxg5+ Kxg5 53. Nd6 Kf4 54. Nxf7 a5 55. Bb3 Kf5 56. Kg2 g5 57. Bc2+ Kf4 58. Bxh7 a4 59. Bc2 a3 60. Bb3 Kf5 61. Kg3 g4 62. Ba2 1-0